| 000 | 01193 a2200253 4500 | ||
|---|---|---|---|
| 003 | Nust | ||
| 005 | 20230203150952.0 | ||
| 010 | _a 00265940 | ||
| 020 | _a0195790189 | ||
| 040 | _cNust | ||
| 082 | 0 | 0 | _a954.91,BRA |
| 100 | 1 |
_aBraibanti, Ralph J. D. _9108623 |
|
| 245 | 1 | 0 |
_aChief Justice Cornelius of Pakistan : _ban analysis with letters and speeches / _cRalph Braibanti ; foreword by Nasim Hasan Shah. |
| 260 |
_aOxford ; _aNew York : _bOxford University Press, _c1999. |
||
| 300 |
_axxvii, 389 p. : _bill. ; _c25 cm. |
||
| 505 | _aAn Analysis of the Thought of Cornelius (Page-1), The Role of Law in the Political Development of Pakistan (Page-82), The Sociol Judicial Context of the Cornelius ERA 1950-1970 (Page-108), The Cornelius Letters (Page-179), Selected Speeches of A.R Cornelius (Page-199), The Cornelius Memorials Lectures (Page-332), Tables (Page-114). | ||
| 600 | 1 | 0 |
_aCornelius, A. R. _9108624 |
| 610 | 1 | 0 |
_aPakistan. _bSupreme Court. |
| 650 | 0 |
_aJudges _zPakistan _9108625 |
|
| 650 | 0 |
_aLaw _zPakistan. _955427 |
|
| 700 | 1 |
_aCornelius, A. R. _9108624 |
|
| 856 | 4 | 2 |
_3Publisher description _uhttp://www.loc.gov/catdir/enhancements/fy0608/00265940-d.html |
| 942 |
_2ddc _cBK |
||
| 999 |
_c186539 _d186539 |
||